Du colonialisme au socialisme

Gespeichert in:
Bibliographische Detailangaben
1. Verfasser: Arnault, Jacques
Format: Buch
Sprache:Undetermined
Veröffentlicht: Paris Les essais de la nouvelle critique 1966
Schlagworte:
Tags: Tag hinzufügen
Keine Tags, Fügen Sie den ersten Tag hinzu!
Thư viện lưu trữ: Trung tâm Học liệu Trường Đại học Cần Thơ
LEADER 00511nam a2200193Ia 4500
001 CTU_105557
008 210402s9999 xx 000 0 und d
082 |a 944.08 
082 |b A745 
100 |a Arnault, Jacques 
245 0 |a Du colonialisme au socialisme 
245 0 |c Jacques Arnault 
260 |a Paris 
260 |b Les essais de la nouvelle critique 
260 |c 1966 
650 |a Colonialisme 
650 |x France 
904 |i Hiếu 
980 |a Trung tâm Học liệu Trường Đại học Cần Thơ